Enforcement of minimum wages act, 1948 in Punjab (Record no. 496092)

000 -LEADER
fixed length control field 00346cam a22001097a 4500
008 - FIXED-LENGTH DATA ELEMENTS--GENERAL INFORMATION
fixed length control field 180718b1977 xxu||||| |||| 00| 0 eng d
082 ## - DEWEY DECIMAL CLASSIFICATION NUMBER
Classification number R2303x5433 P969e
245 ## - TITLE STATEMENT
Title Enforcement of minimum wages act, 1948 in Punjab
Statement of responsibility, etc. by Labour Commissioner
260 ## - PUBLICATION, DISTRIBUTION, ETC.
Place of publication, distribution, etc. Punjab
Name of publisher, distributor, etc. Government Press
Date of publication, distribution, etc. 1977
300 ## - PHYSICAL DESCRIPTION
Extent 200p
700 ## - ADDED ENTRY--PERSONAL NAME
Personal name Chandigarh Labour Commissioner
Holdings
Withdrawn status Lost status Damaged status Not for loan Permanent Location Current Location Date acquired Full call number Barcode Date last seen Price effective from Koha item type
        Indian Institute of Public Administration Indian Institute of Public Administration 2018-08-04 R2303x5433 P969e GG17656 2018-08-04 2018-08-04 GG

Powered by Koha